Statistics for Countries Without An 'E' In Its Name

Click here to take the quiz!

General Stats

  • This quiz has been taken 94 times
  • The average score is 85 of 106

Answer Stats

ContinentCountry% Correct
North AmericaCanada
93%
EuropeAlbania
92%
AsiaIndia
92%
AsiaJapan
92%
EuropeAustria
91%
EuropeNorway
91%
EuropeRussia
91%
AsiaChina
89%
North AmericaHonduras
89%
OceaniaAustralia
88%
South AmericaBrazil
88%
South AmericaColombia
88%
EuropeFinland
88%
EuropeItaly
88%
EuropePortugal
88%
EuropeAndorra
87%
AsiaBhutan
87%
North AmericaJamaica
87%
South AmericaBolivia
86%
EuropeHungary
86%
AsiaPakistan
86%
North AmericaPanama
86%
EuropeRomania
86%
EuropeSpain
86%
AsiaAfghanistan
84%
OceaniaFiji
84%
AsiaIran
84%
AsiaIraq
84%
AsiaKazakhstan
84%
AfricaMorocco
84%
EuropeBulgaria
83%
North AmericaCosta Rica
83%
South AmericaCuba
83%
EuropeLatvia
83%
AfricaLibya
83%
AsiaMalaysia
83%
EuropePoland
83%
AsiaCambodia
82%
AfricaGhana
82%
AsiaKyrgyzstan
82%
AsiaLaos
82%
North AmericaParaguay
82%
EuropeSan Marino
82%
OceaniaSolomon Islands
82%
AsiaThailand
82%
AfricaTunisia
82%
South AmericaUruguay
82%
EuropeCroatia
80%
AsiaCyprus
80%
North AmericaHaiti
80%
North AmericaNicaragua
80%
OceaniaSamoa
80%
EuropeSlovakia
80%
AfricaSouth Africa
80%
AsiaTajikistan
80%
AsiaBahrain
79%
South AmericaGuyana
79%
OceaniaKiribati
79%
EuropeKosovo
79%
OceaniaMarshall Islands
79%
OceaniaPalau
79%
AfricaTogo
79%
AfricaZambia
79%
AfricaAngola
78%
AfricaChad
78%
AfricaComoros
78%
AsiaJordan
78%
AfricaMauritania
78%
AfricaMauritius
78%
AsiaOman
78%
AsiaSaudi Arabia
78%
AfricaSomalia
78%
AsiaSri Lanka
78%
AfricaSudan
78%
OceaniaTonga
78%
North AmericaBarbados
76%
AfricaDjibouti
76%
EuropeLithuania
76%
EuropeMonaco
76%
OceaniaNauru
76%
AfricaSouth Sudan
76%
AsiaKuwait
75%
AfricaMadagascar
75%
AfrciaMali
75%
AsiaMongolia
75%
AfricaRwanda
75%
AsiaSyria
75%
AfricaTanzania
75%
OceaniaTuvalu
75%
AfricaBotswana
74%
EuropeMalta
74%
EuropeMoldova
74%
AsiaMyanmar
74%
AfricaNamibia
74%
AsiaQatar
74%
OceaniaVanuatu
74%
North AmericaAntigua and Barbuda
72%
AfricaBurundi
72%
North AmericaDominica
72%
North AmericaTrinidad and Tobago
71%
North AmericaSaint Lucia
70%
AfricaUganda
70%
AfricaBurkina Faso
68%
AfricaGabon
68%
AsiaTaiwan
64%
AfricaMalawi
63%

Score Distribution

Percentile by Number Answered

Percent of People with Each Score

Your Score History

You have not taken this quiz